The achieving society / (Record no. 34016)
[ view plain ]
| 000 -LEADER | |
|---|---|
| fixed length control field | 00835nam a22002651 4500 |
| 001 - CONTROL NUMBER | |
| control field | 34016 |
| 003 - CONTROL NUMBER IDENTIFIER | |
| rucl marc code | BD-RjUL |
| 005 - DATE AND TIME OF LATEST TRANSACTION | |
| control field | 20211209052108.0 |
| 008 - FIXED-LENGTH DATA ELEMENTS--GENERAL INFORMATION | |
| fixed length control field | 160615r19681968njua b 001 0 eng d |
| 035 ## - SYSTEM CONTROL NUMBER | |
| System control number | (BD-RjUL)34109 |
| 040 ## - CATALOGING SOURCE | |
| Original cataloging agency | DLC |
| Transcribing agency | DLC |
| Modifying agency | DLC |
| -- | BD-RjUL |
| Language of cataloging | eng |
| 041 ## - LANGUAGE CODE | |
| Language code of text/sound track or separate title | eng |
| 082 00 - DEWEY DECIMAL CLASSIFICATION NUMBER | |
| Classification number | 338.9 |
| Author mark and year | MCA 1968 |
| 100 1# - MAIN ENTRY--PERSONAL NAME | |
| Personal name | McClelland, David C. |
| Fuller form of name | (David Clarence) |
| 9 (RLIN) | 103395 |
| 245 14 - TITLE STATEMENT | |
| Title | The achieving society / |
| Statement of responsibility, etc. | David C. McClelland. |
| 260 ## - PUBLICATION, DISTRIBUTION, ETC. (IMPRINT) | |
| Place of publication, distribution, etc. | Princeton, N.J. : |
| Name of publisher, distributor, etc. | Van Nostrand, |
| Date of publication, distribution, etc. | 1961 [printing 1968] |
| 300 ## - PHYSICAL DESCRIPTION | |
| Pagination | xv, 512 p. : |
| Illustrations | ill. ; |
| Size | 24 cm. |
| 504 ## - BIBLIOGRAPHY, ETC. NOTE | |
| Bibliography, etc | Includes bibliographical references and index. |
| 650 #0 - SUBJECT ADDED ENTRY--TOPICAL TERM | |
| Topical term or geographic name as entry element | Economic development. |
| 9 (RLIN) | 103396 |
| Topical term or geographic name as entry element | Achievement motivation. |
| 9 (RLIN) | 90816 |
| Topical term or geographic name as entry element | Economic history. |
| 9 (RLIN) | 103397 |
| Topical term or geographic name as entry element | Entrepreneurship. |
| 9 (RLIN) | 103398 |
| 942 ## - ADDED ENTRY ELEMENTS (KOHA) | |
| Source of classification or shelving scheme | Dewey Decimal Classification |
| Koha item type | Books |
| Lost status | Source of classification or shelving scheme | Damaged status | Not for loan | Collection code | Permanent Location | Current Location | Shelving location | Date acquired | Source of acquisition | Cost, normal purchase price | Total Checkouts | Full call number | Date last seen | Copy number | Koha item type |
|---|---|---|---|---|---|---|---|---|---|---|---|---|---|---|---|
| Dewey Decimal Classification | Not For Loan | Non-fiction | Central Library, University of Rajshahi | Central Library, University of Rajshahi | Reading Room | 06/06/1969 | Zeitlinger | 81.60 | 338.9 MCA 1961 | 12/05/2014 | C-1 | Books | |||
| Dewey Decimal Classification | Fiction | Central Library, University of Rajshahi | Central Library, University of Rajshahi | 06/06/1969 | Zeithlinger | 81.60 | 338.9 MCA 1968 | 15/06/2016 | C-2 | Books | |||||
| Dewey Decimal Classification | Non-fiction | Central Library, University of Rajshahi | Central Library, University of Rajshahi | 06/06/1969 | Zeithlinger | 81.60 | 338.9 MCA 1961 | 15/06/2016 | C-3 | Books | |||||
| Dewey Decimal Classification | Non-fiction | Central Library, University of Rajshahi | Central Library, University of Rajshahi | 17/10/1968 | Zeitlinger | 81.60 | 338.9 MCA 1961 | 17/12/2016 | C-4 | Books |